| 000 | 00678nam a2200241Ia 4500 | ||
|---|---|---|---|
| 003 | OSt | ||
| 005 | 20220926032323.0 | ||
| 006 | a|||||r|||| 00| 0 | ||
| 007 | ta | ||
| 008 | 220923b |||||||| |||| 00| 0 eng d | ||
| 037 | _cGeneral Book | ||
| 040 |
_aRTL _cRTL _beng |
||
| 041 |
_2eng _aeng |
||
| 082 | _aX:3M24xM18, M3 | ||
| 100 |
_aSuchting W A _9124303 |
||
| 245 | 0 |
_aMarx _b An Introduction |
|
| 260 |
_aSussex _bHarvester Press _c1983 |
||
| 300 |
_axxii, 242p _ccm. |
||
| 500 | _aBibliography p 220-38 | ||
| 650 |
_aEconomics Classes Karl Marx _9230895 |
||
| 942 |
_hX:3M24xM18, M3 _cGB _2CC |
||
| 999 |
_c654398 _d654398 |
||